Green building materials : (Record no. 14315)

000 -LEADER
fixed length control field 01206cam a22003134a 4500
003 - CONTROL NUMBER IDENTIFIER
control field OSt
005 - DATE AND TIME OF LATEST TRANSACTION
control field 20260326172554.0
008 - FIXED-LENGTH DATA ELEMENTS--GENERAL INFORMATION
fixed length control field 990316s1999 nyu b 001 0 eng
020 ## - INTERNATIONAL STANDARD BOOK NUMBER
International Standard Book Number 9780471291336
Qualifying information (alk. paper)
035 ## - SYSTEM CONTROL NUMBER
System control number 2157050
042 ## - AUTHENTICATION CODE
Authentication code pcc
043 ## - GEOGRAPHIC AREA CODE
Geographic area code n-us---
050 00 - LIBRARY OF CONGRESS CALL NUMBER
Classification number TH455
Item number .S65 1999
082 00 - DEWEY DECIMAL CLASSIFICATION NUMBER
Classification number 691/.029/473
Edition number 21
100 1# - MAIN ENTRY--PERSONAL NAME
Personal name Spiegel, Ross,
Dates associated with a name 1947-
245 10 - TITLE STATEMENT
Title Green building materials :
Remainder of title a guide to product selection and specification /
Statement of responsibility, etc Ross Spiegel and Dru Meadows.
260 ## - PUBLICATION, DISTRIBUTION, ETC. (IMPRINT)
Place of publication, distribution, etc New York :
Name of publisher, distributor, etc Wiley,
Date of publication, distribution, etc c1999.
300 ## - PHYSICAL DESCRIPTION
Extent xi, 322 p. ;
Dimensions 25 cm.
490 1# - SERIES STATEMENT
Series statement The Wiley series in sustainable design
504 ## - BIBLIOGRAPHY, ETC. NOTE
Bibliography, etc Includes bibliographical references and index.
650 #0 - SUBJECT ADDED ENTRY--TOPICAL TERM
Topical term or geographic name as entry element Building materials
Geographic subdivision United States
General subdivision Catalogs.
650 #0 - SUBJECT ADDED ENTRY--TOPICAL TERM
Topical term or geographic name as entry element Green products
Geographic subdivision United States
General subdivision Catalogs.
700 1# - ADDED ENTRY--PERSONAL NAME
Personal name Meadows, Dru.
830 #0 - SERIES ADDED ENTRY--UNIFORM TITLE
Uniform title Wiley series in sustainable design.
856 42 - ELECTRONIC LOCATION AND ACCESS
Materials specified Contributor biographical information
Uniform Resource Identifier <a href="http://www.loc.gov/catdir/bios/wiley046/99021059.html">http://www.loc.gov/catdir/bios/wiley046/99021059.html</a>
856 42 - ELECTRONIC LOCATION AND ACCESS
Materials specified Publisher description
Uniform Resource Identifier <a href="http://www.loc.gov/catdir/description/wiley0310/99021059.html">http://www.loc.gov/catdir/description/wiley0310/99021059.html</a>
856 4# - ELECTRONIC LOCATION AND ACCESS
Materials specified Table of Contents
Uniform Resource Identifier <a href="http://www.loc.gov/catdir/toc/onix06/99021059.html">http://www.loc.gov/catdir/toc/onix06/99021059.html</a>
942 ## - ADDED ENTRY ELEMENTS (KOHA)
Source of classification or shelving scheme
Holdings
Withdrawn status Lost status Source of classification or shelving scheme Damaged status Koha normalized classification for sorting Not for loan Permanent location Current location Shelving location Date acquired Full call number Barcode Date last seen Price effective from Koha item type
        691_000000000000000__029_473   BMS College of Architecture, Design and Planning BMS College of Architecture, Design and Planning General Stacks 2025-12-17 691/.029/473 AR-UG5232 2026-02-10 2026-02-10 UG Books
Copyright © 2025, The Librarian, Library and Information Centre, BMSCA D&P, Bengaluru. All Rights Reserved
web counter

Powered by Koha